Normal view MARC view
  • Particle physics

Entry Topical Term

Number of records used in: 1

001 - CONTROL NUMBER

  • control field: 104453

003 - CONTROL NUMBER IDENTIFIER

  • control field: NUST

005 - DATE AND TIME OF LATEST TRANSACTION

  • control field: 20221208121231.0

008 - FIXED-LENGTH DATA ELEMENTS

  • fixed length control field: 221208|| aca||aabn | a|a d

040 ## - CATALOGING SOURCE

  • Original cataloging agency: NUST
  • Transcribing agency: NUST

150 ## - HEADING--TOPICAL TERM

  • Topical term or geographic name entry element: Particle physics

670 ## - SOURCE DATA FOUND

  • Source citation: Work cat.: (NUST)180837: Mahan,Geral D 104452, Many Practice Physics, 1990.
© 2023 Central Library, National University of Sciences and Technology. All Rights Reserved.